<?xml version="1.0" encoding="UTF-8"?>
<collection xmlns="http://www.loc.gov/MARC21/slim">
 <record>
  <leader>02316cam a2200481   4500</leader>
  <controlfield tag="001">1131620623</controlfield>
  <controlfield tag="003">DE-627</controlfield>
  <controlfield tag="005">20240331184148.0</controlfield>
  <controlfield tag="007">tu</controlfield>
  <controlfield tag="008">970930s1959    xx |||||      00| ||ita c</controlfield>
  <datafield tag="035" ind1=" " ind2=" ">
   <subfield code="a">(DE-627)1131620623</subfield>
  </datafield>
  <datafield tag="035" ind1=" " ind2=" ">
   <subfield code="a">(DE-576)061620629</subfield>
  </datafield>
  <datafield tag="035" ind1=" " ind2=" ">
   <subfield code="a">(DE-599)BSZ061620629</subfield>
  </datafield>
  <datafield tag="035" ind1=" " ind2=" ">
   <subfield code="a">(OCoLC)1265540</subfield>
  </datafield>
  <datafield tag="035" ind1=" " ind2=" ">
   <subfield code="a">(OCoLC)01265540</subfield>
  </datafield>
  <datafield tag="035" ind1=" " ind2=" ">
   <subfield code="a">(OCoLC)729072631</subfield>
  </datafield>
  <datafield tag="040" ind1=" " ind2=" ">
   <subfield code="a">DE-627</subfield>
   <subfield code="b">ger</subfield>
   <subfield code="c">DE-627</subfield>
   <subfield code="e">rda</subfield>
  </datafield>
  <datafield tag="041" ind1=" " ind2=" ">
   <subfield code="a">ita</subfield>
  </datafield>
  <datafield tag="082" ind1="0" ind2=" ">
   <subfield code="a">759.5</subfield>
  </datafield>
  <datafield tag="084" ind1=" " ind2=" ">
   <subfield code="a">9,10</subfield>
   <subfield code="2">ssgn</subfield>
  </datafield>
  <datafield tag="084" ind1=" " ind2=" ">
   <subfield code="a">LI 15245</subfield>
   <subfield code="2">rvk</subfield>
   <subfield code="0">(DE-625)rvk/95573:13283</subfield>
  </datafield>
  <datafield tag="245" ind1="1" ind2="0">
   <subfield code="a">Giovanni Bellini</subfield>
   <subfield code="c">testo di Rodolfo Pallucchini</subfield>
  </datafield>
  <datafield tag="264" ind1=" " ind2="1">
   <subfield code="a">Milano</subfield>
   <subfield code="b">Aldo Martello Editore</subfield>
   <subfield code="c">1959</subfield>
  </datafield>
  <datafield tag="300" ind1=" " ind2=" ">
   <subfield code="a">160 Seiten, 184 ungezählte Seiten</subfield>
   <subfield code="b">Illustrationen</subfield>
  </datafield>
  <datafield tag="336" ind1=" " ind2=" ">
   <subfield code="a">unbewegtes Bild</subfield>
   <subfield code="b">sti</subfield>
   <subfield code="2">rdacontent</subfield>
  </datafield>
  <datafield tag="337" ind1=" " ind2=" ">
   <subfield code="a">ohne Hilfsmittel zu benutzen</subfield>
   <subfield code="b">n</subfield>
   <subfield code="2">rdamedia</subfield>
  </datafield>
  <datafield tag="338" ind1=" " ind2=" ">
   <subfield code="a">Band</subfield>
   <subfield code="b">nc</subfield>
   <subfield code="2">rdacarrier</subfield>
  </datafield>
  <datafield tag="490" ind1="0" ind2=" ">
   <subfield code="a">I sommi dell'arte italiana</subfield>
  </datafield>
  <datafield tag="583" ind1="1" ind2=" ">
   <subfield code="a">Archivierung/Langzeitarchivierung gewährleistet</subfield>
   <subfield code="f">SSG</subfield>
   <subfield code="x">XA-DE-BW</subfield>
   <subfield code="2">pdager</subfield>
   <subfield code="5">DE-16</subfield>
  </datafield>
  <datafield tag="583" ind1="1" ind2=" ">
   <subfield code="a">Archivierung prüfen</subfield>
   <subfield code="c">20240324</subfield>
   <subfield code="f">DE-4165</subfield>
   <subfield code="z">1</subfield>
   <subfield code="2">pdager</subfield>
  </datafield>
  <datafield tag="655" ind1=" " ind2="7">
   <subfield code="a">Bildband</subfield>
   <subfield code="0">(DE-588)4145395-5</subfield>
   <subfield code="0">(DE-627)104450835</subfield>
   <subfield code="0">(DE-576)209741139</subfield>
   <subfield code="2">gnd-content</subfield>
  </datafield>
  <datafield tag="689" ind1="0" ind2="0">
   <subfield code="d">p</subfield>
   <subfield code="0">(DE-588)118508679</subfield>
   <subfield code="0">(DE-627)079312497</subfield>
   <subfield code="0">(DE-576)208860789</subfield>
   <subfield code="a">Bellini, Giovanni</subfield>
   <subfield code="d">1430-1516</subfield>
   <subfield code="2">gnd</subfield>
  </datafield>
  <datafield tag="689" ind1="0" ind2=" ">
   <subfield code="5">(DE-627)</subfield>
  </datafield>
  <datafield tag="700" ind1="1" ind2=" ">
   <subfield code="a">Pallucchini, Rodolfo</subfield>
   <subfield code="d">1908-1989</subfield>
   <subfield code="e">VerfasserIn</subfield>
   <subfield code="0">(DE-588)121787001</subfield>
   <subfield code="0">(DE-627)145342387</subfield>
   <subfield code="0">(DE-576)162473141</subfield>
   <subfield code="4">aut</subfield>
  </datafield>
  <datafield tag="700" ind1="1" ind2=" ">
   <subfield code="a">Bellini, Giovanni</subfield>
   <subfield code="d">1430-1516</subfield>
   <subfield code="e">KünstlerIn</subfield>
   <subfield code="0">(DE-588)118508679</subfield>
   <subfield code="0">(DE-627)079312497</subfield>
   <subfield code="0">(DE-576)208860789</subfield>
   <subfield code="4">art</subfield>
  </datafield>
  <datafield tag="787" ind1="0" ind2="8">
   <subfield code="i">Rezensiert in</subfield>
   <subfield code="a">Dussler, Luitpold, 1895 - 1976</subfield>
   <subfield code="t">[Rezension von: Rodolfo Palluchini, Giovanni Bellini]</subfield>
   <subfield code="d">Nürnberg : Carl, 1961</subfield>
   <subfield code="w">(DE-627)168081527X</subfield>
  </datafield>
  <datafield tag="889" ind1=" " ind2=" ">
   <subfield code="w">(DE-627)018556388</subfield>
  </datafield>
  <datafield tag="935" ind1=" " ind2=" ">
   <subfield code="i">mdedup</subfield>
  </datafield>
  <datafield tag="936" ind1="r" ind2="v">
   <subfield code="a">LI 15245</subfield>
   <subfield code="b">Biografien, Werkdarstellungen, Gedenkreden und andere Gesamtwürdigungen (Sammelwerke, Festschriften etc.)</subfield>
   <subfield code="k">Kunstgeschichte</subfield>
   <subfield code="k">Künstler-Monografien</subfield>
   <subfield code="k">Alphabetische Künstlerliste</subfield>
   <subfield code="k">Künstler B</subfield>
   <subfield code="k">Bellini, Giovanni (bis 15250)</subfield>
   <subfield code="k">Biografien, Werkdarstellungen, Gedenkreden und andere Gesamtwürdigungen (Sammelwerke, Festschriften etc.)</subfield>
   <subfield code="0">(DE-627)1271832194</subfield>
   <subfield code="0">(DE-625)rvk/95573:13283</subfield>
   <subfield code="0">(DE-576)201832194</subfield>
  </datafield>
  <datafield tag="951" ind1=" " ind2=" ">
   <subfield code="a">BO</subfield>
  </datafield>
  <datafield tag="990" ind1=" " ind2=" ">
   <subfield code="a">Bellini, Giovanni</subfield>
  </datafield>
  <datafield tag="991" ind1=" " ind2=" ">
   <subfield code="a">Rezensiertes Werk</subfield>
  </datafield>
  <datafield tag="999" ind1=" " ind2=" ">
   <subfield code="a">KXP-PPN1131620623</subfield>
   <subfield code="e">4077377633</subfield>
  </datafield>
 </record>
</collection>
